000 00930nam a2200325Ia 4500
003 OSt
005 20240517093547.0
008 210210b1921 xxu||||| |||| 00| 0 eng d
040 _cAL
041 _aeng
082 _a954/653
100 _aIndia, (Archaeological Survey of)
_9165369
245 _aAnnual report of the Archaeological Survey of India: Muhammadam and British monuments; Northern Circle 1917
260 _aAllahabad
_bSuperintendent Government Printing
_c1921
300 _a107
650 _aSurvey
_9165370
650 _areport
_9165371
650 _aNorthern
_9165372
650 _aMuhammadam
_9165373
650 _amonuments
_9165374
650 _aIndia:
_9165375
650 _aCircle
_9165376
650 _aBritish
_9165377
650 _aArchaeological
_9165378
650 _aAnnual
_9165379
650 _a1917
_9165380
690 _aIndian History
_9165381
906 _a002153
942 _2ddc
_cBK
999 _c120904
_d120904